000 00289nam a2200121Ia 4500
005 20251222154314.0
008 251222s9999||||xx |||||||||||||| ||spa||
020 _a84-7461-251-9
082 _a848.57/V84C
100 _a"Voltaire, Francois"
245 0 _aCándido. El ingenio
942 _cLIB
999 _c33525
_d33525